000 00967nam a22002417a 4500
999 _c57155
_d57155
005 20240402170737.0
008 191206s2016 tu ||||| |||| 00| 0 tur d
020 _a9786058701021x
041 _atur
080 _a811.512.16 Y-40
245 _aYedi İklim Türkçe :
_bB1 Ders Kitabı /
_cİbrahim Gültekin, Mahir Kalfa, İbrahim Atabey, Filiz Mete, Aydan Eryiğit, Uğur Kılıç.
264 _aAnkara :
_bYunus emre enstitusu,
_c2016.
300 _a191 p .:
_bill.: +1CD .:
_c29 cm.
653 _aთურქული ენა
653 _a სავარჯიშო რვეული
700 _aGültekin, İbrahim
_eავტორი
_921675
700 _aKalfa, Mahir
_eავტორი
_921685
700 _aAtabey, İbrahim
_eავტორი
_921686
700 _aMete, Filiz
_eავტორი
_921687
700 _aEryiğit, Aydan
_eავტორი
_921688
700 _aKılıç Uğur
_eავტორი
_921689
942 _2udc
_cBK